| 000 | 01172nam a22002057a 4500 | ||
|---|---|---|---|
| 999 |
_c63626 _d63626 |
||
| 003 | Ge_BSU | ||
| 005 | 20251117191901.0 | ||
| 008 | 251117s1971 ge ||||| |||| 00| 0 geo d | ||
| 041 | _ageo | ||
| 080 | _a339(47+57)(075.8) ს-13 | ||
| 245 |
_aსაბჭოთა ვაჭრობის ეკონომიკა : _bსახელმძღვანელო სტუდენტებისათვის. ნაწ. 2 / _c ავტ.: შ. ხაჭაპურიძე, კ. ღოღობერიძე, ნ. ჭავჭანიძე, ლ. სადუნაშვილი. |
||
| 264 |
_aთბილისი : _bთბილ. უნ-ტის გამ-ბა, _c1971. |
||
| 300 |
_a262 გვ.; _b22 სმ. |
||
| 653 | _aსაბჭოთა ვაჭრობის ეკონომიკა | ||
| 700 |
_aხაჭაპურიძე, შ. _e ავტორი _926249 |
||
| 700 |
_aღოღობერიძე, კ. _eავტორი. _926250 |
||
| 700 |
_aჭავჭანიძე, ნ. _e ავტორი _926251 |
||
| 700 |
_aსადუნაშვილი, ლ. _eავტორი _926252 |
||
| 942 |
_2udc _cᲬᲘᲒᲜᲘ |
||